[Event "Sharjah Master 2024"]
[Site "Shsrjah - Abu Dhabi"]
[Date "2024.05.15"]
[Round "2.6"]
[White "Kacharava, Nikolozi"]
[Black "Nguyen, Thai Dai Van"]
[Result "1/2-1/2"]
[WhiteElo "2527"]
[BlackElo "2649"]
[PlyCount "62"]
[EventDate "2024.05.14"]
[EventCountry "UAE"]

{[%evp 0,62,5,-1,56,24,25,17,17,17,41,32,21,23,31,-3,29,16,1,21,12,12,24,8,23,13,13,-9,-9,-2,-8,-2,9,-30,-26,-15,-16,-7,-6,-8,-14,-39,-30,-31,-37,-41,-22,-29,-30,-36,-36,-24,-23,-23,0,0,2,24,24,15,31,4,11,0,47]} 1. e4 e5 2. Nf3 Nc6 3. Bb5 Nf6 4. Nc3 Bd6 5. d3 O-O ({RR} 5... h6 6. a3 O-O 7. g4 Na5 8. g5 hxg5 9. Bxg5 c6 10. Bc4 Nxc4 11. dxc4 Be7 12. Rg1 d5 13. cxd5 cxd5 14. Bxf6 Bxf6 15. Nxd5 Be6 16. c4 b5 17. cxb5 Rc8 18. a4 Rc4 19. Nc3 Qa5 20. Nd2 {Wei Yi (2755)-Abdusattorov,N (2766) Warsaw POL 2024 1-0 (38)}) 6. Ba4 $146 ({RR} 6. O-O Nd4 7. Nxd4 exd4 8. Ne2 c6 9. Bc4 Bc7 10. Bf4 Bxf4 11. Nxf4 Qc7 12. Nh5 Qe5 13. Nxf6+ Qxf6 14. Qh5 d6 15. Rae1 Qf4 16. a4 Be6 17. g3 Qe5 18. Qxe5 dxe5 19. Bxe6 fxe6 20. f4 exf4 {Goumas,G (2445)-Aronsson,M (2285) San Vicente ESP 2024 ½-½}) ({RR} 6. O-O a6 7. Bxc6 dxc6 8. h3 c5 9. b3 Re8 10. Ne2 Nd7 11. Nh2 a5 12. a4 b6 13. f4 exf4 14. Bxf4 Ne5 15. Ng3 Be6 16. Qd2 Ng6 17. Bxd6 Qxd6 18. Qf2 f6 19. Nf3 Rad8 20. Rae1 Bc8 {Bharath,S (2530)-Kovalev,V (2560) chess.com INT 2024 ½-½ (98)}) ({RR} 6. a3 Nd4 ({RR} 6... Re8 7. g4 Bc5 8. Rg1 d5 9. g5 Ng4 10. Rg2 Nxf2 11. Rxf2 Bxf2+ 12. Kxf2 d4 13. Ne2 Qd6 14. Ng3 Bg4 15. Qh1 Rf8 16. Bc4 Ne7 17. h3 Be6 18. Nh4 Bxc4 19. dxc4 f6 20. Nhf5 Nxf5 21. exf5) 7. Bc4 c6 ({RR} 7... Bc5 8. Na4 d5 9. exd5 Bd6 10. Nc3 Bg4 11. h3 Bh5 12. Be3 Nxf3+ 13. gxf3 Nd7 14. Rg1 f5 15. Bg5 Qe8 16. Qe2 e4 17. d4 Bxf3 18. Qd2 Qg6 19. Ne2 Bxe2 20. Kxe2 f4 21. Be7 Qh5+ 22. Ke1) 8. Be3 ({RR} 8. Ba2 Bc7 9. h3 Ne6 10. Bxe6 fxe6 11. Bg5 Qe8 12. Bxf6 Rxf6 13. Ne2 d6 14. Ng3 Bd7 15. O-O Qg6 16. Nh2 Raf8 17. Qe2 Bb6 18. Nh1 Be8 19. g3 Bxf2+ 20. Kg2 Bb6 21. Rf3 Rxf3 22. Nxf3 Qh6) ({RR} 8. Nxd4 exd4 9. Ne2 Bc7 10. Bg5 Re8 11. Qd2 Qe7 12. Ba2 d5 13. f3 h6 14. Bf4 Bxf4 15. Qxf4 dxe4 16. fxe4 c5 17. O-O Be6 18. Bxe6 Qxe6 19. Ng3 Ng4 20. Nf5 Ne5) 8... Bc5 9. Nxe5 d5 10. Na4 Qa5+ 11. c3 Nc2+ 12. Qxc2 Bxe3 13. fxe3 dxc4 14. d4 b6 15. O-O Qb5 16. Rf4 Be6 17. Raf1 Nd7 18. Ng4 Qg5 19. h4 Qe7 20. Qd1 Rad8 {Ostrovskiy,A (2406)-Aditya Mittal (2607) Dubai Police Officers Club, A 2024 0-1 (38)}) ({RR} 6. O-O h6 7. a3 Re8 8. h3 Bc5 9. Be3 Nd4 10. Bc4 c6 11. Re1 ({RR} 11. Bxd4 exd4 12. Ne2 d5 13. exd5 Nxd5 14. Re1 Nf6 15. Qd2 Be6 16. Bxe6 Rxe6 17. Ng3 Rxe1+ 18. Rxe1 Qd7 19. Qf4 Nd5 20. Qe5 f6 21. Qe4 Nc7 22. Qf5 Qxf5 23. Nxf5 Rd8 24. b4 Bf8 25. N5xd4 c5) 11... Nxf3+ 12. Qxf3 Bxe3 13. fxe3 b5 14. Ba2 a5 15. Ne2 d6 16. Ng3 Be6 17. Rf1 d5 18. Rf2 Ra7 19. exd5 cxd5 20. Nf5 Kh7) 6... Re8 7. Bg5 h6 8. Bxf6 Qxf6 9. Nd5 Qd8 10. c3 Ne7 11. Ne3 c6 12. d4 exd4 13. Qxd4 Bf4 14. O-O Bxe3 15. Qxe3 d5 16. e5 Qb6 17. Qxb6 axb6 18. Bc2 Bf5 19. Bxf5 Nxf5 20. Nd4 Nxd4 21. cxd4 Ra4 22. Rfd1 f6 23. f4 fxe5 24. fxe5 Kf7 25. Rd3 Ke6 26. b3 Ra3 27. Rg3 Re7 28. Kf2 b5 29. Ke3 b4 30. h4 Ra8 31. h5 Kd7 1/2-1/2

[Event "Sharjah Master 2024"]
[Site "Shsrjah - Abu Dhabi"]
[Date "2024.05.15"]
[Round "2.7"]
[White "Krzyzanowski, Marcin"]
[Black "Mishra, Abhimanyu"]
[Result "1-0"]
[WhiteElo "2526"]
[BlackElo "2634"]
[PlyCount "139"]
[EventDate "2024.05.14"]
[EventCountry "UAE"]

{[%evp 14,139,27,25,22,23,11,14,16,16,15,14,23,18,16,25,20,16,19,34,48,4,25,11,23,0,-8,-11,43,41,32,35,183,180,180,174,214,214,278,269,281,275,280,64,65,57,237,238,265,251,314,317,334,324,337,324,382,381,428,421,412,381,385,381,381,380,371,372,360,362,406,359,421,385,380,390,367,345,449,434,467,467,466,423,464,444,437,409,462,413,449,430,492,492,493,486,493,485,506,498,581,576,929,885,803,824,952,884,898,818,801,769,1217,796,29974,29981,29981,29974,29984,29987,29987,29988,29986,29986,29985,29987,29989,29990]} 1. e4 e6 2. d4 d5 3. Nd2 c5 4. Ngf3 cxd4 5. Nxd4 Nc6 6. Bb5 Bd7 7. Nxc6 bxc6 8. Bd3 Bd6 9. Qe2 Qc7 10. Nf3 dxe4 {The position is equal.} 11. Qxe4 Nf6 12. Qh4 h6 13. O-O c5 ({RR} 13... O-O-O {13...c5 0.17} 14. Re1 c5 15. b4 cxb4 16. Ne5 (16. Bb2 $16) 16... Qc3 $2 {[%mdl 8192]} (16... g5 $14 17. Qc4 Be8) 17. Bb2 $1 {[%cal Rb2c3]} Bxe5 18. Bxc3 Bxc3 19. a3 Bxe1 20. axb4 Bc6 21. Qc4 Bxf2+ 22. Kxf2 Kb7 23. Qa6+ Kc7 24. Qxa7+ Bb7 25. Ba6 Ne4+ 26. Ke1 Nd6 27. Rd1 {1-0 (27) Krzyzanowski,M (2524)-Payne,M (2077) Reykjavik ISL 2024}) 14. Re1 $146 ({RR} 14. Nd2 Bf4 15. Nc4 Bxc1 16. Raxc1 O-O 17. Rfe1 Bb5 18. Qg3 Qxg3 19. hxg3 Rfd8 20. Re5 Rd5 21. Rxd5 exd5 22. Ne3 Bc6 23. c3 a5 24. Be2 Rb8 25. Rc2 Bd7 26. f3 Be6 27. Rd2 Kf8 28. Kf2 Ke7 {Fedorchuk,S (2546)-Osmak,Y (2452) Chartres FRA 2023 ½-½ (37)}) 14... Ke7 15. Nd2 {[%cal Bf3d2,Bd2c4,Bc4e5][%mdl 32]} g5 16. Qh3 Rag8 17. Nc4 (17. b4 $5) 17... Bf4 $1 18. Bf1 Bc6 19. Be3 Bd5 20. Rad1 h5 (20... Bxc4 $5 21. Bxc4 Bxe3 22. Rxe3 g4 $14) 21. Bxf4 $1 gxf4 22. Ne5 $36 {[%mdl 2048] White is pushing.} Kf8 $2 {Mistake. Rh7 was best.} (22... Rh7 23. Re2) (22... Rh7 $1 $14) 23. c4 $18 Be4 24. Qc3 $1 h4 25. f3 Rh5 {[#]} 26. Ng4 $1 ({Inferior is} 26. fxe4 Qxe5 27. Rd8+ Kg7 $15) 26... Nxg4 27. fxg4 Re5 28. Rd8+ $4 {Blunder. h3 was best.} (28. h3 Ke7 29. Qd2 Rc8 30. Qxf4 Bc2 31. Rxe5 Bxd1 32. Qg5+ Ke8 33. Re3 Qd8) ({Better is} 28. h3 $18) 28... Qxd8 $14 29. Qxe5 {[%mdl 64] Double Attack} Bb7 $2 {Mistake. f5 was best.} (29... f5 $1 30. Qxc5+ Qe7 31. Qf2 Rxg4 32. h3 Rg3 33. Qxf4 Kg7 34. Re2 e5 35. Qf2) (29... f5 $1 $14) 30. Qxc5+ $18 {[%mdl 64] Double Attack} Qe7 31. Qxa7 Rxg4 {[#]} 32. h3 $1 {[%cal Rh3g4]} Rg6 33. Qb8+ Kg7 {White must now prevent ...Qc5+.} 34. Qxf4 Qb4 35. Qe5+ Kg8 36. Rd1 {Hoping for Rd8+.} Qe7 37. Qd6 Kf8 38. Qd8+ Qxd8 39. Rxd8+ {[%mdl 4096] Endgame KRB-KRB} Ke7 40. Rh8 e5 41. c5 ({Much less strong is} 41. Rxh4 Ra6 $18) 41... e4 42. Rxh4 e3 43. Ra4 {Strongly threatening Ra7.} Bc6 44. Ra3 Rg3 45. b4 {[%cal Bb2b4,Bb4b5][%mdl 32]} Kd8 {Threatens to win with ...e2.} 46. Rb3 f5 47. b5 Be4 48. Rb4 Bf3 49. Rb2 f4 50. c6 Kc8 51. a4 {[%cal Ba2a4,Ba4a5][%mdl 32]} Bd5 {If Black can now play ...f3 this consolidates a bit.} 52. Kh2 Rg7 53. a5 f3 54. gxf3 Bxf3 55. h4 Kc7 56. Rc2 e2 57. Rxe2 Bxe2 58. Bxe2 {Bf3 is the strong threat. KR-KB} Rf7 59. Kg3 Rf5 60. h5 Re5 61. Kf2 Rf5+ 62. Ke1 Rg5 63. h6 Rg1+ 64. Kf2 {White mates.} Rg6 65. Bf3 Rxh6 66. b6+ Kd6 67. c7 Rh2+ 68. Bg2 Kd7 $6 {Checkmate is now unavoidable. Rh8 was best.} (68... Rh8 69. a6) 69. Kg3 Rh8 70. Bh3+ {Accuracy: White = 89%, Black = 58%.} 1-0

[Event "Sharjah Master 2024"]
[Site "Shsrjah - Abu Dhabi"]
[Date "2024.05.15"]
[Round "2.8"]
[White "Murzin, Volodar"]
[Black "Iniyan, Pa"]
[Result "1-0"]
[WhiteElo "2631"]
[BlackElo "2493"]
[PlyCount "95"]
[EventDate "2024.05.14"]
[EventCountry "UAE"]

{[%evp 0,95,10,38,19,27,33,-16,26,33,26,44,32,21,25,18,39,6,-8,-11,-6,11,12,0,82,75,71,68,25,15,6,11,65,64,57,55,59,52,47,50,52,51,68,57,32,57,48,48,54,50,59,68,68,80,94,83,74,74,84,88,108,80,88,95,125,119,140,137,125,57,144,141,142,132,152,143,135,151,136,140,160,109,113,111,141,65,271,338,448,452,459,428,428,438,444,444,458,458]} 1. d4 d5 2. Nf3 Nf6 3. c4 c6 4. Nc3 e6 5. e3 Nbd7 6. Qc2 b6 7. cxd5 cxd5 8. Nb5 Bb4+ 9. Bd2 Bxd2+ 10. Nxd2 O-O 11. Rc1 a6 $146 ({RR} 11... Ne8 12. Bd3 Ndf6 13. Nf3 Bd7 14. Nc3 Nd6 15. Ne5 Qe7 16. g4 Rfc8 17. f3 Be8 18. g5 Nd7 19. h4 Nxe5 20. dxe5 Nc4 21. Kf2 Nxe5 22. Bxh7+ Kh8 23. f4 Nc4 24. Bd3 Nxe3 25. Kxe3 d4+ 26. Kf3 {Yang Kaiqi (2481)-Salinas Herrera,P (2477) chess.com INT 2024 0-1 (39)}) ({RR} 11... Ba6 12. Qa4 Rc8 13. Rb1 Bxb5 14. Bxb5 Rc7 {½-½ (14) Shehzad,S (2265)-Basso,P (2505) Kragero NOR 2024}) 12. Nd6 b5 13. Qc7 Nb6 14. b3 Qxc7 15. Rxc7 Ne8 $6 {Inaccuracy. Bd7 was best.} (15... Bd7 16. Bd3 Nc8 17. Nxc8 Rfxc8 18. Rxc8+ Rxc8 19. Ke2 a5 20. Ra1 Kf8 21. f3) 16. Nxe8 Rxe8 17. Bd3 f6 18. Ke2 e5 19. dxe5 fxe5 20. e4 Be6 21. Rhc1 dxe4 22. Bxe4 Nd5 23. Bxd5 Bxd5 24. g3 Bf7 25. Rd7 Be6 26. Rd6 a5 27. Rb6 a4 28. Rxb5 axb3 29. axb3 Ra2 30. Ke3 Rd8 31. Ne4 Rb2 32. Rc3 Rb1 33. f3 h6 34. g4 $6 {Inaccuracy. h4 was best.} (34. h4 Kh7 35. Nd2 Re1+ 36. Kf2 Rd1 37. Ne4 Bd5 38. Ke2 Rd4 39. Ke3 Rd1) 34... Re1+ $6 {Inaccuracy. Bxg4 was best.} (34... Bxg4 35. Rxe5) 35. Kf2 Rb1 36. Rxe5 $6 {Inaccuracy. h4 was best.} (36. h4) 36... Bxb3 37. Re7 Rf8 $2 {Mistake. Bd5 was best.} (37... Bd5) 38. Nd6 Bd5 39. Nf5 Rf7 40. Re8+ $2 {Mistake. Rc5 was best.} (40. Rc5 Bb3 41. Re8+ Kh7 42. Rcc8 Ba4 43. Rh8+ Kg6 44. Rcg8 Kf6 45. Ra8 Bb5) 40... Kh7 41. h4 h5 $4 {Blunder. g6 was best.} (41... g6 42. Nd4) 42. Rcc8 Bxf3 43. Kxf3 Rb4 $2 {Mistake. Kg6 was best.} (43... Kg6 44. Re6+ Kh7 45. g5 Rxf5+ 46. Ke4 Rxg5 47. hxg5 Re1+ 48. Kd5 Rd1+ 49. Ke5) 44. Rh8+ Kg6 45. Rc6+ Rf6 46. Rxf6+ Kxf6 47. Rxh5 g6 48. Ne3 1-0

[Event "Sharjah Master 2024"]
[Site "Shsrjah - Abu Dhabi"]
[Date "2024.05.15"]
[Round "2.9"]
[White "Salem, A.R. Saleh"]
[Black "Royal, Shreyas"]
[Result "1-0"]
[WhiteElo "2629"]
[BlackElo "2463"]
[PlyCount "61"]
[EventDate "2024.05.14"]
[EventCountry "UAE"]

{[%evp 0,61,27,19,19,-8,36,26,44,55,60,56,31,36,43,36,43,29,52,37,33,23,20,28,34,29,57,65,87,33,49,55,124,91,155,160,146,166,278,259,237,254,392,454,879,848,894,922,930,1049,1049,1076,1080,1101,1107,1109,1109,1123,1100,1123,1113,1135,942,1144]} 1. d4 d5 2. c4 dxc4 3. Nf3 Nf6 4. e3 e6 5. Bxc4 c5 6. O-O Nc6 7. Nc3 a6 8. Bd3 cxd4 9. exd4 Be7 10. Be3 $146 ({RR} 10. Re1 O-O 11. Bf4 Nb4 12. Bb1 Bd7 13. Ne5 Rc8 14. a3 Nbd5 15. Nxd5 Nxd5 16. Bd2 Bf6 17. Be4 Bc6 18. Rc1 Ne7 19. Nxc6 Nxc6 20. Bxc6 Rxc6 21. Rxc6 bxc6 22. Bb4 Re8 23. Bc3 Qd5 24. Qd3 Qb5 {Manukonda,A (1974)-Hu,Z (1776) Reykjavik ISL 2024 0-1 (60)}) ({RR} 10. Re1 O-O 11. a3 b6 12. Bg5 Bb7 13. Bc2 Re8 14. Qd3 g6 15. Rad1 Nh5 16. Be3 Bf6 17. Ne4 Be7 18. Neg5 Qc7 19. Rc1 Red8 20. Qd2 Qd7 21. Be4 Bf6 22. Red1 Ne7 23. g4 Ng7 24. Bf4 Rac8 {Zia,T (2303)-Noshin,A (1964) Dhaka BAN 2023 1-0 (31)}) 10... O-O 11. a3 h6 12. Rc1 Re8 13. Ne5 Nxe5 14. dxe5 Nd5 15. Qf3 $6 {Inaccuracy. Bd2 was best.} (15. Bd2) 15... Bg5 $2 {Mistake. Nxe3 was best.} (15... Nxe3 16. fxe3) 16. Ne4 $6 {Inaccuracy. Qe4 was best.} (16. Qe4 g6 17. Bxg5 hxg5 18. Qg4 Nxc3 19. Rxc3 Qe7 20. h4 Bd7 21. h5 Rec8) 16... Nxe3 $4 {Blunder. Be7 was best.} (16... Be7 17. Bd2) 17. fxe3 Rf8 18. Nxg5 Qxd3 19. Nxf7 Bd7 20. Rcd1 Qb5 21. Qh5 Bc6 $6 {Inaccuracy. Rxf7 was best.} (21... Rxf7 22. Qxf7+ Kh8 23. Qxd7 Qxe5 24. Kh1 Qxb2 25. Qc7 e5 26. h3 e4 27. Rb1) 22. Nxh6+ gxh6 23. Qg6+ Kh8 24. Qxh6+ Kg8 25. Qxe6+ Kh8 26. Qh6+ Kg8 27. Qg6+ Kh8 28. Rf6 Qxe5 29. Qh6+ Kg8 30. Rg6+ Kf7 31. Rf1+ 1-0

[Event "Sharjah Master 2024"]
[Site "Shsrjah - Abu Dhabi"]
[Date "2024.05.15"]
[Round "2.10"]
[White "Maghsoodloo, Parham"]
[Black "Sethuraman, S.P."]
[Result "1-0"]
[WhiteElo "2732"]
[BlackElo "2588"]
[PlyCount "117"]
[EventDate "2024.05.14"]
[EventCountry "UAE"]

{[%evp 9,117,9,7,14,14,9,19,21,15,24,42,40,43,39,50,16,33,-27,0,1,32,-39,98,45,121,120,121,123,134,96,92,19,18,9,5,4,7,7,3,3,19,30,36,24,21,5,5,12,256,239,224,193,193,193,200,202,193,188,189,188,202,194,189,190,253,235,258,263,239,262,299,291,293,200,203,191,285,272,283,302,344,340,391,391,409,418,410,408,409,355,342,340,391,391,510,510,510,510,508,508,670,670,670,670,670,670,669,667,29965,471]} 1. Nf3 Nf6 2. g3 c5 3. Bg2 Nc6 4. O-O e5 5. e4 d6 6. d3 g6 7. c4 $146 ({RR} 7. Nc3 Bg7 8. Nd2 O-O 9. Nc4 Bg4 10. Bf3 Bxf3 11. Qxf3 d5 12. exd5 Nd4 13. Qd1 (13. Qg2 $15) 13... Nxd5 14. Be3 Rc8 15. a4 Nb4 16. Rc1 f5 17. Re1 ({White should try} 17. Nb5 $1 $15) 17... Nbc6 18. Nb5 Qd7 19. Bxd4 cxd4 20. Qf3 (20. c3 $15) 20... Rce8 21. Qg2 Re6 {Daneshvar,B (2597)-Dominguez Perez,L (2752) chess.com INT 2024 1-0}) ({RR} 7. c3 Bg7 8. a3 O-O 9. b4 a6 10. Nbd2 b5 11. Rb1 Nd7 12. Nb3 Nb6 13. Bg5 Qd7 14. Qd2 Na4 15. Rfc1 Bb7 16. c4 Nd4 $1 17. bxc5 dxc5 18. cxb5 $1 Nxb3 19. Rxb3 axb5 20. Be3 Rfc8 21. h4 {½-½ (21) Hausrath,D (2462)-Kurmann,O (2438) Munich GER 2024}) ({RR} 7. Nc3 Bg7 8. Nd2 O-O 9. Nc4 Rb8 10. a4 a6 11. a5 Be6 12. Nd5 Bxd5 13. exd5 Ne7 14. Bg5 h6 15. Bxf6 $1 Bxf6 16. Rb1 Qc7 17. b4 cxb4 18. Qd2 Bg7 19. Qxb4 Nc8 20. Kh1 Rd8 21. f4 exf4 {Blohberger,F (2531)-Georgescu,L (2218) Basel SUI 2024 1-0 (55)}) 7... h5 8. Nc3 {The position is equal.} Bg4 9. Bg5 Be7 10. Qd2 Bxf3 11. Bxf3 Nd5 12. Bxe7 ({Don't play} 12. cxd5 Bxg5 13. Qd1 Nd4 $11) 12... Ndxe7 13. Bd1 (13. h4 $1 $14) 13... h4 14. g4 Qd7 15. h3 (15. f4 $14) 15... Kf8 $2 {Mistake. f5 was best.} (15... f5 16. f3) (15... f5 $15 {stays ahead.}) 16. Ba4 Qe6 $6 {Inaccuracy. Kg7 was best.} (16... Kg7 17. f4) ({Better is} 16... Kg7 $14) 17. Bxc6 bxc6 18. f4 exf4 19. Qxf4 $6 {Inaccuracy. Rxf4 was best.} (19. Rxf4 Kg7 20. Raf1 Rhf8 21. e5 $1 dxe5 22. Rf6 $1 {[%cal Rf6e6]} Qd7 23. Ne4 $1 Rad8 24. Qf2 Qd4) 19... Kg7 20. g5 $6 {Inaccuracy. e5 was best.} (20. e5 dxe5 21. Qe3 $1 Rhf8 22. Ne4 Ng8 23. Rae1 Rae8 24. Nxc5 Qd6 25. Ne4 $1 {[%cal Re4d6]} Qb8) (20. e5 $16 dxe5 21. Qe3) 20... Rh5 $11 21. Qf6+ Kg8 22. Kh2 Rd8 23. Qxe6 fxe6 24. Rf6 e5 25. Rg1 $36 {[%mdl 2048] White fights for an advantage.} Kg7 26. Rgf1 {Strongly threatening Rf7+.} Kg8 $1 27. Nd1 {Black should prevent Nf2.} Rxg5 28. Ne3 {And now Ng4 would win.} Rh5 $4 {Blunder. Rg3 was best.} (28... Rg3 29. Ng4 Rxd3 30. b3 a5 31. Re6 Rd2+ 32. Kg1 Re8 33. Nh6+ Kg7 34. Nf7) (28... Rg3 $11 {and Black has nothing to worry.} 29. Ng4 Rxd3) 29. Ng4 $18 Rh7 30. Re6 Rg7 31. Rff6 Nc8 32. Rxg6 Rxg6 33. Rxg6+ {[%mdl 4096] Endgame KRN-KRN} Kf7 34. Rh6 $1 Kg7 35. Rxh4 Rf8 36. Ne3 Rf2+ $6 {Inaccuracy. Ne7 was best.} (36... Ne7 {[#]} 37. Kg3 $1 Rb8 38. b3 Rf8 39. Rg4+ Kf6 40. h4 Ng6 41. Rg5 Rh8 42. Ng4+) (36... Ne7 $142) 37. Kg1 Rxb2 38. Nf5+ Kg8 39. Rg4+ Kf8 $6 {Inaccuracy. Kh8 was best.} (39... Kh8 40. Rg2) 40. h4 Ne7 41. Nxd6 Rxa2 42. h5 Rd2 $6 {Inaccuracy. a5 was best.} (42... a5 43. h6) (42... a5 {was necessary.}) 43. Rg3 Ng8 44. Nf5 a5 {[#]} 45. h6 $1 {[%cal Rh6h7]} Nf6 $6 {Inaccuracy. Nxh6 was best.} (45... Nxh6 46. Nxh6 Ke7 47. Rg7+ Ke6 48. Ra7 Rxd3 49. Kf2 Rd4 50. Ke3 Rxc4 51. Rxa5) 46. Rg6 Rd1+ 47. Kf2 Kf7 48. Rg7+ Kf8 49. Ke2 Rh1 50. Ra7 a4 51. Rxa4 Ng4 $6 {Inaccuracy. Rh2+ was best.} (51... Rh2+ 52. Kf1 Kg8 53. Ra6 Nh5 54. Ne7+ Kh7 55. Nxc6 Kxh6 56. Nxe5+ Kg7 57. Nd7) 52. Ra8+ Kf7 53. Ra7+ Kf6 54. h7 {Threatens to win with Kf3.} Rh3 55. Kf1 Rh2 56. Kg1 Rh5 57. Kg2 Nh2 58. Rg7 Nf1 $6 {Inaccuracy. Ng4 was best. intending ...Ne3+.} (58... Ng4 59. Rxg4 Rxh7 60. Nh4 Rh8 61. Kf2 Rd8 62. Ke3 Re8 63. Nf3 Ke6 64. Kf2) 59. Rg8 $2 {Mistake. Rc7 was best. Accuracy: White = 79%, Black = 62%.} (59. Rc7 Nd2 60. Nh6 Rxh6 61. Rxc6+ Kg7 62. Rxh6 Kxh6 63. h8=Q+ Kg6 64. Qxe5 Nb3) (59. Rc7 $142 Rh2+ 60. Kxf1 Kg6 61. Rxc6+ Kxh7 62. Ke1 Rh3 63. Kd2 Rh2+ 64. Kc3) 1-0

[Event "Sharjah Master 2024"]
[Site "Shsrjah - Abu Dhabi"]
[Date "2024.05.15"]
[Round "2.11"]
[White "Moroni, Luca Jr"]
[Black "Yu, Yangyi"]
[Result "0-1"]
[WhiteElo "2580"]
[BlackElo "2728"]
[PlyCount "86"]
[EventDate "2024.05.14"]
[EventCountry "UAE"]

{[%evp 23,86,40,48,46,104,52,53,36,36,42,42,30,30,23,30,26,39,0,7,-32,37,-5,57,54,73,24,73,44,84,-49,-49,-50,-61,-131,-135,-136,-126,-281,-276,-310,-303,-305,-302,-306,-306,-280,-265,-268,-177,-342,-333,-369,-363,-414,-417,-414,-414,-413,-412,-412,-408,-403,-401,-442,-403]} 1. Nf3 Nf6 2. c4 e6 3. g3 b6 4. Bg2 Bb7 5. O-O c5 6. Nc3 Be7 7. d4 cxd4 8. Qxd4 O-O 9. Rd1 Nc6 $146 ({RR} 9... a6 10. Bf4 Nc6 11. Qd2 Na5 12. b3 d5 13. Ne5 dxc4 14. Bxb7 Qxd2 15. Bxd2 Nxb7 16. Nxc4 b5 17. Ne5 Rac8 18. e3 Ba3 19. Ne2 Ne4 20. Nd4 Bb2 21. Rab1 Bxd4 22. exd4 Rfd8 23. Be1 Rc2 24. a4 {Rojas Alarcon,J (2357)-Abrahams,D (2166) chess.com INT 2024 1-0 (45)}) 10. Qd2 a6 11. b3 Qc7 12. Bb2 d6 13. Rac1 Na7 (13... Ne5 $14) 14. Qd4 Rad8 15. e4 {White is slightly better.} Nc6 16. Qe3 Ne5 17. Nd4 Rfe8 18. h3 Bf8 19. f4 Ng6 20. Qf2 Qb8 21. Kh1 Ba8 $6 {Inaccuracy. h5 was best.} (21... h5) (21... h5 $15) 22. Re1 $6 {Inaccuracy. a4 was best.} (22. a4 Ne7 23. f5 exf5 24. Nxf5 Nxf5 25. Qxf5 Nd7 26. Rf1 Re7 27. Rcd1 Rde8) 22... Rc8 $6 {Inaccuracy. b5 was best.} (22... b5 23. cxb5) (22... h5 $11) 23. Rcd1 $14 h5 24. a4 Rc5 25. Ba3 Rc7 26. Nf3 $2 {Mistake. f5 was best.} (26. f5) (26. f5 $16 Ne5 27. Rf1) 26... b5 $1 $15 {[%cal Rb5b4]} 27. axb5 axb5 28. f5 $6 {Inaccuracy. Nxb5 was best.} (28. Nxb5 Nxe4 29. Rxe4 Bxe4 30. Nxc7 Qxc7 31. Qe2 Bc6 32. h4 Ra8 33. Bb2 Ne7) ({White should try} 28. Nxb5 $15 Nxe4 29. Rxe4 Bxe4 30. Qe2 (30. Nxc7 Qxc7 31. Kh2 d5 $15)) 28... exf5 $17 29. exf5 {Hoping for Rxe8.} Bxf3 30. Bxf3 $2 {Mistake. Rxe8 was best.} (30. Rxe8 Bxg2+) (30. Rxe8 $17 Bxg2+ 31. Qxg2 Nxe8 32. fxg6) 30... Rxe1+ $19 31. Rxe1 {[#]} Ne5 $1 {[%cal Re5d3]} 32. Nxb5 {Threatens to win with Rd1.} Nd3 $1 {[%csl LRe1,LRf2][%mdl 64] Double Attack} 33. Qf1 Nxe1 34. Qxe1 Re7 35. Qd2 Ne4 $6 {Inaccuracy. Re8 was best.} (35... Re8 36. Bxd6 Bxd6 37. Qxd6 Re1+ 38. Kg2 Qe8 39. Qd2 Rb1 40. Nd4 h4 41. gxh4) 36. Qg2 $4 {[#] Blunder. Qf4 was best.} (36. Qf4 Nf6) (36. Qf4 $142 Nc3 37. Nxc3) 36... d5 $1 {[%mdl 512]} 37. Bxe7 (37. cxd5 Nxg3+) 37... Nxg3+ {[%mdl 64] Double Attack} 38. Kg1 {Bxf8 is the strong threat.} Bxe7 39. Qf2 dxc4 40. bxc4 Qe5 {And now ...Bc5 would win.} 41. Bd5 Nxf5 42. Nc3 Bh4 43. Qd2 Be1 {Accuracy: White = 47%, Black = 69%.} 0-1

[Event "Sharjah Master 2024"]
[Site "Shsrjah - Abu Dhabi"]
[Date "2024.05.15"]
[Round "2.12"]
[White "Radjabov, Teimour"]
[Black "Vokhidov, Shamsiddin"]
[Result "1/2-1/2"]
[WhiteElo "2723"]
[BlackElo "2591"]
[PlyCount "49"]
[EventDate "2024.05.14"]
[EventCountry "UAE"]

{[%evp 0,49,19,16,70,46,46,39,39,19,25,51,69,84,70,58,89,31,50,39,62,34,51,51,21,21,13,13,35,35,31,18,70,16,62,-16,-18,-29,-15,-3,77,3,24,-37,6,6,16,15,24,32,99,100]} 1. e4 c5 2. Nf3 e6 3. d4 cxd4 4. Nxd4 Nc6 5. Nc3 Qc7 6. Be2 Nf6 7. Ndb5 Qb8 8. f4 d6 9. g4 ({RR} 9. Be3 Be7 10. Qd2 a6 11. Nd4 Nxd4 12. Bxd4 e5 13. Bb6 exf4 14. Qxf4 Be6 15. O-O O-O 16. Rad1 Qc8 17. Kh1 Nd7 18. Bd4 Ne5 19. Bxe5 dxe5 20. Qxe5 Rd8 21. Nd5 Bd6 22. Qxd6 Rxd6 23. Ne7+ Kf8 {Paravyan,D (2612)-Vokhidov,S (2596) chess.com INT 2024 ½-½ (35)}) 9... a6 $146 ({RR} 9... Be7 10. g5 Nd7 11. h4 Nc5 12. Be3 a6 13. Nd4 Bd7 14. Qd2 b5 15. a3 O-O 16. h5 Rc8 17. g6 b4 18. axb4 Qxb4 19. h6 fxg6 20. hxg7 Bf6 21. Nxc6 Bxc6 22. Bxc5 Qxc5 23. Bg4 Re8 24. O-O-O {Alsina Leal,D (2497)-Moussard,J (2610) Sant Ferran de ses Roques ESP 2024 0-1 (39)}) 10. Nd4 d5 11. exd5 exd5 12. g5 Ne4 13. Nxe4 dxe4 14. Be3 Bd7 15. Qd2 Qc7 16. Nxc6 Qxc6 17. O-O-O Be6 18. Qa5 Rc8 19. Rd2 Be7 $6 {Inaccuracy. Bd6 was best.} (19... Bd6 20. f5) 20. f5 Bc4 21. Qe5 f6 22. gxf6 gxf6 23. Qf4 Bxa2 $2 {Mistake. Bf7 was best.} (23... Bf7 24. Rg1 Rd8 25. Rxd8+ Bxd8 26. Rg4 Bc7 27. Qxe4+ Qxe4 28. Rxe4+ Kd7 29. Rd4+) 24. Bh5+ Bf7 25. Qg4 1/2-1/2